000 01769nam0a22003851 4500
001 rc\2902139
005 20250810053253.0
035 _a(NLR Aleph) 007053414
090 _a6213587
_c6213587
100 _a20110802d1943 u y0rusy50 ca
101 0 _arus
102 _aRU
105 _aa z |||||
135 _acrcn 024anaba
200 1 _aТиповой проект ледника ёмкостью 5 тонн с ледосоляным охлаждением
_fАвт. проекта: архитектор Аполлонов М.В.
210 _a[Москва]
_cБ. и.
_d[1943]
215 _a23 с., Без обл.
_cчерт.
_d18×25 см
225 1 _aˆ[‰Всесоюзная государственная контора по проектированию торговых предприятий, складов и предприятий общественного питания] "Союзгипроторг"
_vПроект № 42027/1
300 _aСтеклогр. изд.
325 _aКопия доступна в Электрон. б-ке РНБ
700 1 _aАполлонов
_bМ.В.
_gМихаил Васильевич
801 0 _aRU
_bNLR
_gpsbo
801 1 _aRU
_bELAR
_2rusmarc
852 _aNLR
_jТ80 Г-4/281
856 0 _uhttps://vivaldi.nlr.ru/bx700006245/view
856 1 _uhttps://vivaldi.nlr.ru/bx700006245/cover
856 2 _uhttps://vivaldi.nlr.ru/bx700006245/text
942 _cBOOK
945 _aРоссийская национальная библиотека
980 _aNB
980 _aBV
981 4 5 _a(45) Нормативно-технические и технические документы